1624 1955 1271 1325 1478 1395 1329 1984 1430 1011 1763 1295 1891 1954 1727 1225 1283 1826 1873 1888 1582 1540 1808 1651 1630 1569 1229 1631 1073 1806 1570 1150 1209 1407 1125 1433 1578 1619 1497 1624 1934 1519 1056 1283 1735 1931 1119 1158 1057 1411 1861 1891 1818 1825 1780 1441 1641 1877 1109 1827 1248 1149 1839 1696 1873 1078 1951 1171 1478 1082 1444 1972 1483 1783 1006 1437 1367 1622 1894 1100 1424 1499 1146 1142 1667 1883 1748 1196 1701 1823 1589 1963 1847 1160 1902 1506 1438 1700 1676 BCNSPRNW ULIB Ver.6.0+V

เปลี่ยนเป็นภาษาไทย

Change to English
 แสดงรายละเอียดบรรณานุกรม
  กลับหน้าหลัก

Brief Record : Get Marc (ISO 2709) : E-mail record : QR code < ปิดหน้าต่าง
LEADER : 00000nam 2200000uu 4500
001    13399123362
003     ULIB
008    140827s2557||||th 000 0 tha d
099    ^aวจ.WS105^bศ315ก
100 0  ^aศรีสุดา เอกลัคนารัตน์
245 00 ^aการส่งเสริมพัฒนาการเด็กปฐมวัยด้วยของเล่นภูมิปัญญาไทยและหนังสือนิทาน/^cศรีสุดา เอกลัคนารัตน์, ศรีวัฒนา เพ็ชรรัตน์ และพนิดา บุญอินทร์
246 0  ^aSupporting Childhood^'s Development from Thai Traditional Toys and Telling Story
260    ^aนครสวรรค์:^bวิทยาลัยพยาบาลบรมราชชชนี สวรรค์ประชารักษ์ นครสวรรค์,^c2557
300    ^a52 หน้า
650  0 ^aพัฒนาการเด็กปฐมวัย^xวิจัย
650  0 ^aของเล่น^xวิจัย
650  0 ^aหนังสือนิทาน^xวิจัย
700 0  ศรีวัฒนา เพ็ชรรัตน์
700 0  พนิดา บุญอินทร์
945    ^p0^l0^i20440
999    ^aทศพร เกษรทอง
รายการนี้ยังไม่มีแท็ก
คุณยังไม่ได้ล็อกอิน คุณสามารถมีกิจกรรมร่วมกับเว็บไซต์ได้ แต่ต้องล็อกอินก่อน ::
  ล็อกอิน

รายการสื่อสารสนเทศ

ลำดับที่ ประเภท เลขเรียก/บาร์โค้ด สถานที่ สถานะ
1. งานวิจัย
งานวิจัย
วจ.WS105 ศ315ก ฉ.1 
  Barcode: 20440
ห้องสมุดวิทยาเขตนครสวรรค์
►วิจัย:l:Research Room
บนชั้น

รายการใกล้เคียง
    ผู้แต่ง [ศรีสุดา เอกลัคนารัตน์]

BibComment


ยังไม่เคยถูกคอมเมนท์

คอมเมนท์ทรัพยากรรายการนี้
  คอมเมนท์: การส่งเสริมพัฒนา..


 Copyright 2026. Bcnsprnw @Library